| 000 | 06751 a2200409 4500 | ||
|---|---|---|---|
| 008 | 090312t xxu||||| |||| 00| 0 eng d | ||
| 010 | _aB-306991-7010 | ||
| 020 |
_a8186803299 _c300.00 |
||
| 082 | _a320.011 | ||
| 100 | _aवर्मा, एस.एल. | ||
| 245 |
_aउच्चतर आधुनिक राजनीतिक सिद्धान्त / _cएस.एल.वर्मा |
||
| 260 |
_aनई दिल्ली _bनेशनल पब्लिशिंग हाउस _c2006 |
||
| 270 |
_a2/35 अंसारी रोड़, दरियागंज _bनई दिल्ली _e110002 _cनई दिल्ली |
||
| 300 |
_a849पृ, _c22 सेमी (अजिल्द) |
||
| 942 |
_adpl _cHN _2ddc _h320.011 _mवर्माए |
||
| 999 |
_c12698 _d12698 |
||